Culture Générale - Série 2210 - Statistiques

Statistiques générales
  • Ce quiz a été pris 116 fois
  • Le résultat moyen est 5 sur 10
Statistiques - réponses
Question Réponse % Correct
En géométrie, quel adjectif qualifie un triangle dont deux côtés sont égaux ? isocèle
96%
Quel pays partage ses frontières terrestres avec la Chine, le Laos, la Thaïlande, le Bangladesh et l'Inde ? Myanmar
68%
Quel était le prénom de l'astronome Copernic ? voir portrait Nicolas
65%
Comment appelle-t-on un polygone à 12 côtés ? dodécagone
61%
Quel est le nom courant de l’acide acétylsalicylique ? aspirine
54%
Quel était la nationalité de Copernic ? polonaise
52%
Quelle variété de fruits porte le nom de bigarade ? orange
24%
Le latrodecte est une araignée plus connue sous le nom de… veuve noire
21%
À quel mathématicien et physicien italien doit-on l’invention du baromètre ? Evangelista Torricelli
17%
Quel pays est le plus gros producteur d’argent ? Mexique
15%
Aucun quiz correspondant
Distribution des résultats
% des personnes avec chaque résultat
Percentile par nombre de réponses
Votre historique - résultats
Vous n’avez pas pris ce quiz